MARC

LEADER 00000nam0a2200000 4500
001 57838
005 20231031054503.0
010 |a 9854700909 
035 |a (RuTPU)RU\TPU\book\61063 
090 |a 57838 
100 |a 20031118d2003 m y0rusy50 ca 
101 0 |a rus 
102 |a BY 
105 |a a j 001zy 
200 1 |a Введение в языкознание  |e учебное пособие  |f А. А. Гируцкий 
205 |a 2-е изд., стер. 
210 |a Минск  |c ТетраСистемс  |d 2003 
215 |a 287 с.  |c ил. 
320 |a Библиогр.: с. 284 
610 1 |a языкознание 
610 1 |a языки 
610 1 |a речь 
610 1 |a происхождение 
610 1 |a фонетика 
610 1 |a фонология 
610 1 |a морфемика 
610 1 |a словообразование 
610 1 |a лексикология 
610 1 |a семасиология 
610 1 |a грамматика 
610 1 |a письмо 
610 1 |a классификация 
610 1 |a историческое развитие 
610 1 |a учебные пособия 
686 |a Ш10я73  |v LBC/SL-A  |2 rubbk 
700 1 |a Гируцкий  |b А. А.  |g Анатолий Антонович 
801 1 |a RU  |b 63413507  |c 20031118  |g PSBO 
801 2 |a RU  |b 63413507  |c 20150423  |g PSBO 
900 |a Введение в языкознание 
942 |c BK 
954 |a 520300  |b 021700